| 000 | 00614cam a2200229 4500 | ||
|---|---|---|---|
| 008 | 090401t1997 xxu||||| |||| 00| 0 eng d | ||
| 020 | _a0904237192 | ||
| 035 | _a(Sirsi) u88848 | ||
| 041 | _aeng | ||
| 050 | _a338.4369 | ||
| 110 |
_aBuilding Economics Bureau Limited _91992 |
||
| 245 | _aDirectory of the UK construction industry. | ||
| 250 | _a2nd ed. | ||
| 260 |
_aBromley, Kent _bBuilding Economics Bureau Ltd. _c1997 |
||
| 300 | _a321p. ; 30cm. | ||
| 350 | _a97.5 | ||
| 650 | _aCONSTRUCTION INDUSTRY | ||
| 650 | _aDIRECTORIES | ||
| 690 | _aBUILT ENVIRONMENT | ||
| 942 | _n0 | ||
| 948 | _c06/10/1998 | ||
| 999 |
_c97386 _d97386 |
||